Sociologie du numérique (notice n° 2198523)

détails MARC
000 -LEADER
fixed length control field 01599cam a2200133 4500500
005 - DATE AND TIME OF LATEST TRANSACTION
control field 20260405085546.0
041 ## - LANGUAGE CODE
Language code of text/sound track or separate title fre
042 ## - AUTHENTICATION CODE
Authentication code dc
100 10 - MAIN ENTRY--PERSONAL NAME
Personal name Boullier, Dominique
Relator term author
245 00 - TITLE STATEMENT
Title Sociologie du numérique
260 ## - PUBLICATION, DISTRIBUTION, ETC.
Name of publisher, distributor, etc. Armand Colin,<br/>
Date of publication, distribution, etc. 2019.<br/>
520 ## - SUMMARY, ETC.
Summary, etc. Le numérique au sens large (informatique, réseaux, médias, Internet) a envahi l’ensemble des activités humaines, des plus personnelles aux plus collectives, et a profondément modifié notre rapport aux autres, à l’espace, au temps. Porteur d’innovations permanentes, il fascine et effraie tout autant, et fait l’objet de multiples débats, analyses, controverses. Cet ouvrage de référence en présente les cadrages théoriques et les concepts clés ainsi qu’une synthèse critique des travaux réalisés sur le sujet en sciences sociales. Cette nouvelle édition fait le point sur les évolutions récentes (le Machine Learning, la blockchain, le RGPD) et sur les enjeux contemporains (appels à la régulation, rôle croissant de la Chine, inflation des fakes news). Elle dresse un panorama des dernières avancées dans les domaines de la recherche : sociologie des algorithmes, des propagations et des makers ; économie de l’attention, plateformisation, économie comportementale à base de traces et de digital labor ; analyse politique du numérique dans la justice, la sécurité, le militaire ou la santé ; ou encore nouvelles méthodes des « humanités numériques ».
856 41 - ELECTRONIC LOCATION AND ACCESS
Uniform Resource Identifier <a href="https://shs.cairn.info/sociologie-du-numerique--9782200624750?lang=fr&redirect-ssocas=7080">https://shs.cairn.info/sociologie-du-numerique--9782200624750?lang=fr&redirect-ssocas=7080</a>

Pas d'exemplaire disponible.

PLUDOC

PLUDOC est la plateforme unique et centralisée de gestion des bibliothèques physiques et numériques de Guinée administré par le CEDUST. Elle est la plus grande base de données de ressources documentaires pour les Étudiants, Enseignants chercheurs et Chercheurs de Guinée.

Adresse

627 919 101/664 919 101

25 boulevard du commerce
Kaloum, Conakry, Guinée

Réseaux sociaux

Powered by Netsen Group @ 2025